Gobernanza de áreas protegidas (Registro nro. 18213)
[ vista simple ]
| 000 -CABECERA | |
|---|---|
| Campo de control | 01286nam a22003017a 4500 |
| 005 - FECHA Y HORA DE LA ULTIMA TRANSACCION | |
| Campo de control | 20160315125857.0 |
| 008 - ELEMENTOS DE LONGITUD FIJA—INFORMACION GENERAL | |
| Campo de control | 160315b2014 sz ado fr|||| 001 0 spa d |
| 040 ## - FUENTE DE CATALOGACIÓN | |
| Agencia catalogadora original | CO-BoIAVH |
| Agencia transcriptora | CO-BoIAVH |
| 041 0# - IDIOMA | |
| Código de idioma para texto/pista de sonido o título separado | Español |
| 044 ## - PAÍS DE PUBLICACIÓN | |
| País de publicación | Suiza |
| 082 04 - NUMERO DE CLASIFICACION DECIMAL DEWEY | |
| Número de clasificación | 333.72068 |
| Número del ítem | B73g |
| 100 1# - ASIENTO PRINCIPAL--NOMBRE PERSONAL | |
| Nombre personal | Borrini Feyerabend, Grazia |
| 9 (RLIN) | 10782 |
| 245 10 - MENCION DE TITULO | |
| Título | Gobernanza de áreas protegidas |
| Parte restante del título | de la comprensión a la acción / |
| Mención de responsabilidad | Grazia Borrini Feyerabend [y otros 6] |
| 260 ## - PUBLICACION, DISTRIBUCION, ETC. (PIE DE IMPRENTA) | |
| Lugar de publicación, distribución, etc. | Gland (Suiza) : |
| Nombre del editor, distribuidor, etc. | Unión Internacional para la Conservación de la Naturaleza y los Recursos Naturales, |
| Fecha de publicación, distribución, etc. | c2014. |
| 300 ## - DESCRIPCION FISICA | |
| Extensión | xvi, 123 páginas : |
| Otros detalles físicos | ilustraciones a color, tablas y fotografías a color ; |
| Dimensiones | 30 x 21 centímetros |
| 504 ## - NOTA DE BIBLIOGRAFIA, ETC. | |
| Nota de bibliografía | Incluye referencias bibliográficas: páginas 117-123. |
| 650 14 - ASIENTO SECUNDARIO DE MATERIA - TERMINO TEMATICO | |
| Término temático o nombre geográfico como elemento de entrada | Áreas protegidas |
| Subdivisión general | Gobernanza |
| 9 (RLIN) | 64078 |
| 650 16 - ASIENTO SECUNDARIO DE MATERIA - TERMINO TEMATICO | |
| Término temático o nombre geográfico como elemento de entrada | Reservas naturales |
| Subdivisión general | Gobernancia |
| 9 (RLIN) | 64079 |
| 650 26 - ASIENTO SECUNDARIO DE MATERIA - TERMINO TEMATICO | |
| Término temático o nombre geográfico como elemento de entrada | Reservas naturales |
| Subdivisión general | conservación |
| -- | Gobernancia |
| 9 (RLIN) | 64080 |
| 650 26 - ASIENTO SECUNDARIO DE MATERIA - TERMINO TEMATICO | |
| Término temático o nombre geográfico como elemento de entrada | Reservas naturales |
| Subdivisión general | metodologías |
| -- | Gobernancia |
| 9 (RLIN) | 64081 |
| 700 1# - ASIENTO SECUNDARIO - NOMBRE PERSONAL | |
| Nombre personal | Dudley, Nigel |
| Término de relación | autor |
| 9 (RLIN) | 7053 |
| 700 1# - ASIENTO SECUNDARIO - NOMBRE PERSONAL | |
| Nombre personal | Jaeger, Tilman |
| Término de relación | autor |
| 9 (RLIN) | 64082 |
| 700 1# - ASIENTO SECUNDARIO - NOMBRE PERSONAL | |
| Nombre personal | Lassen, Barbara |
| Término de relación | autora |
| 9 (RLIN) | 64083 |
| 700 1# - ASIENTO SECUNDARIO - NOMBRE PERSONAL | |
| Nombre personal | Pathak Broome, Neema |
| Término de relación | autora |
| 9 (RLIN) | 64084 |
| 700 1# - ASIENTO SECUNDARIO - NOMBRE PERSONAL | |
| Nombre personal | Philips, Adrian |
| Término de relación | autor |
| 9 (RLIN) | 64085 |
| 700 1# - ASIENTO SECUNDARIO - NOMBRE PERSONAL | |
| Nombre personal | Sandwith, Trevor |
| Término de relación | autor |
| 9 (RLIN) | 23090 |
| 942 ## - ELEMENTOS ADICIONALES (KOHA) | |
| Sistema de clasificación | Dewey Decimal Classification |
| Tipo de ítem | Libro |
| Withdrawn status | Lost status | Sistema de Clasificación | Damaged status | No para préstamo | Colección | Inventariado | Ubicación Permanente | Ubicación actual | Fecha de adquisición | Fuente de Valor | Valor | Total Checkouts | Número topográfico | Inventario / Código de Barras | Date last seen | Ejemplar | Price effective from | Forma de adquisición | Tipo de material |
|---|---|---|---|---|---|---|---|---|---|---|---|---|---|---|---|---|---|---|---|
| Dewey Decimal Classification | General | Inventariado 2017 | Bogotá | Bogotá | 15/03/2016 | Instituto | 39000.00 | LB-333.72068 B73g | 039878 | 15/03/2016 | Ej. 1 | 15/03/2016 | Libro | ||||||
| Dewey Decimal Classification | General | Inventariado 2017 | Bogotá | Bogotá | 15/03/2016 | Instituto | 39000.00 | LB-333.72068 B73g | 039879 | 15/03/2016 | Ej. 2 | 15/03/2016 | Libro |